darkest dungeon 2 skills - Statistics

General Stats
  • This quiz has been taken 11 times
  • The average score is 65 of 155
Answer Stats
Hint Answer % Correct
plague doctor 6 plague grenade
90%
man at arms bolster
80%
jester finale
80%
highmayman point blank shot
80%
grave robber shadow fade
80%
jester solo
80%
crusader battle heal
70%
leper break
70%
leper chop
70%
booty hunter collect bounty
70%
jester harvest
70%
leper hew
70%
crusader holy lance
70%
grave robber lunge
70%
highmayman pistol shot
70%
highmayman tracking shot
70%
occultist weakening curse
70%
hellion wicked hack
70%
occultist wyrd reconstruction
70%
grave robber absinthe
60%
occultist abyssal artillery
60%
hellion adrenaline rush
60%
plague doctor 4 battlefield medicine
60%
plague doctor 10 cause of death
60%
man at arms crush
60%
highmayman double tap
60%
jester encore
60%
jester fade to black
60%
runaway firefly
60%
highmayman grapeshot blast
60%
highmayman highway robbery
60%
hellion if it bleeds
60%
jester inspiring tune
60%
vestal judgement
60%
flagellant more! MORE!
60%
highmayman open vein
60%
grave robber pirouette
60%
man at arms retribution
60%
occultist sacrificial stab
60%
flagellant sepsis
60%
highmayman take aim
60%
hellion toe to toe
60%
occultist vulnerability hex
60%
highmayman wicked slice
60%
jester battle ballad
50%
man at arms bellow
50%
runaway cauterize
50%
man at arms command
50%
vestal consecration of fortitude
50%
vestal consecration of light
50%
occultist daemon's pull
50%
plague doctor 8 disorienting blast
50%
runaway dragonfly
50%
highmayman duelist's advance
50%
flagellant endure
50%
grave robber flashing daggers
50%
hellion howling end
50%
plague doctor 3 incision
50%
plague doctor 9 indiscriminate science
50%
hellion iron swan
50%
vestal mace bash
50%
plague doctor 5 ounce of prevention
50%
grave robber pick to the face
50%
grave robber poison dart
50%
jester slice off
50%
crusader smite
50%
runaway smokescreen
50%
leper solemnity
50%
occultist the burning stars
50%
flagellant acid rain
40%
plague doctor 2 blinding gas
40%
bounty hunter caltrops
40%
occultist chaotic offering
40%
runaway controlled burn
40%
man at arms courageous abandon
40%
vestal divine grace
40%
jester echoing march
40%
vestal hand of light
40%
man at arms hold the line
40%
vestal illumination
40%
leper intimidate
40%
flagellant lash's gift
40%
plague doctor 11 magnesium rain
40%
vestal mantra
40%
leper purge
40%
man at arms rampart
40%
leper reflection
40%
leper revenge
40%
runaway run and hide
40%
grave robber thrown dagger
40%
occultist anamnesis
30%
runaway backdraft
30%
leper bash
30%
occultist binding shadows
30%
hellion bleed out
30%
hellion bloodlust
30%
hellion breakthrough
30%
bounty hunter come hither
30%
grave robber dead of night
30%
flagellant deathless
30%
man at arms defender
30%
vestal divine comfort
30%
highmayman double cross
30%
flagellant fester
30%
bounty hunter finish him
30%
runaway firestarter
30%
bounty hunter flashbang
30%
grave robber glint in the dark
30%
crusader inspiring cry
30%
occultist malediction
30%
bounty hunter mark for death
30%
vestal ministrations
30%
plague doctor 1 noxious blast
30%
jester play out
30%
duelist preparation
30%
flagellant punish
30%
jester razor's wit
30%
crusader reap
30%
grave robber repartee
30%
leper ruin
30%
vestal sanctuary
30%
runaway searing strike
30%
man at arms stand fast
30%
flagellant suffer
30%
duelist touché
30%
bounty hunter uppercut
30%
crusader zealous accusation
30%
duelist again
20%
bounty hunter bodyguard
20%
duelist coup de grâce
20%
duelist disengage
20%
plague doctor 7 emboldening vapours
20%
duelist flèche
20%
duelist meditation
20%
flagellant necrosis
20%
crusader rallying cry
20%
hellion raucous revelry
20%
bounty hunter staredown
20%
man at arms strategic withdrawal
20%
crusader tenacity
20%
flagellant undying
20%
leper withstand
20%
crusader bulwark of faith
10%
duelist feint
10%
duelist flick
10%
runaway heathlight
10%
bounty hunter huribat
10%
bounty hunter no escape
10%
crusader radiance
10%
runaway ransack
10%
duelist ruthless instruction
10%
crusader stunning blow
10%
duelist the boot
10%
everyone act-out attack
0%
hellion barbaric YAMP!
0%
No matching quizzes found
Score Distribution
Percent of People with Each Score
Percentile by Number Answered
Your Score History
You have not taken this quiz